Регионална библиотека "Любен Каравелов" - Русе

Музикалният театър - проекции във времето (Запис номер 82937)

MARC детайли
000 -Лидер
Контролно поле с фиксирана дължина 02019nam a2200421 c 4500
003 - Код на организацията, давaща контролен номер
Контролно поле BLK
005 - Дата и час на последна редакция
Контролно поле 20241207151936.0
008 - Елементи от данни с фиксирана дължина
fixed length control field 180408b bul|||||r ||||||| ||bul||
010 ## - Наследен системен номер
LC control number KNG00087474000
020 ## - Международен стандартен номер на книга ISBN
Международен стандартен номер на книга ISBN 978-954-8594-10-3
-- издат.: Инст. по изкуствознание БАН
040 ## - Източник на каталожния запис
Идентификатор на билиотеката - собственик на записа BLK
041 ## - Код за език
Код за езика на текст/звукозапис или на отделно заглавие Български
Код за езика КДБФ Български
080 ## - УДК
Текстов определител УДК Музикални театри. Вж и 782.1; 782.8
УДК код - определител по УДК 792.5
УДК определител (497.2)(063)
УДК - код + определител 792.5(497.2)(063)
139 ## - Редно поле
Редна дума Музикалният театър - проекции във времето
Авторски знак Му - М 95
245 10 - Сведения за заглавието
Заглавие Музикалният театър - проекции във времето
Подзаглавни данни Втора творческа среща и теор. конф., Ст. Загора, 7-9 юни 2007 : Сб. с докл. и док.
Редно поле (дума) състав. Румяна Лазарова Каракостова; ред. Елисавета Борисова Вълчинова-Чендова.
257 ## - Страна на издаване
Страна на създаване/издаване България
260 ## - Област на издателските данни
-- София
Име на издателя, разпространителя и проч. Инст. по изкуствознание БАН
Година на издаване 2008
300 ## - Физическа характеристика
Страници 246 с., 4 л.
Илюстрации и др. цв. ил.
Размери/Мащаб 22 см
380 ## - Жанр
Жанр Изкуство
500 ## - Общи забележки
Забележка Рез. на англ. ез. / Прев. Анжела Родел. - Библиогр. след отд. статии.
650 #0 - Допълнително описание по предмет – тема
Основно описание – тема или топоним Опера - България
9 (RLIN) 269297
650 #4 - Допълнително описание по предмет – тема
Основно описание – тема или топоним Оперета - България
9 (RLIN) 271128
650 #4 - Допълнително описание по предмет – тема
Основно описание – тема или топоним Балет, български
9 (RLIN) 250162
651 #4 - Допълнително описание по предмет - топоним
Географско понятие България
9 (RLIN) 241624
653 ## - Ключова дума – ненормативна
Ключова дума опери
653 ## - Ключова дума – ненормативна
Ключова дума оперети
653 ## - Ключова дума – ненормативна
Ключова дума мюзикъли
653 ## - Ключова дума – ненормативна
Ключова дума балет
653 ## - Ключова дума – ненормативна
Ключова дума конференции
700 1# - Други автори (авторска отговорност)
Лично име Каракостова, Румяна Лазарова
Автороска отговорност (Описва отношението между автора и произведението) състав.
9 (RLIN) 372646
700 1# - Други автори (авторска отговорност)
Лично име Вълчинова-Чендова, Елисавета Борисова
Автороска отговорност (Описва отношението между автора и произведението) ред.
9 (RLIN) 50105
852 ## - Местоположение
Форматна сигнатура Цб 242587
856 4# - Електронен адрес и достъп
Електронен формат pdf - файл
Път до файла /url/
856 4# - Електронен адрес и достъп
Електронен формат pdf - файл
Път до файла /url/
942 ## - АРТИКУЛИ
Вид на библиотечния материал Книги
Скрит в OPAC Не
944 ## - СЪЗДАВАНЕ И РЕДАКЦИЯ на ЗАПИСА
Създаване/Редакция Създаване
Дата на регистрацията/редакция 26.01.2009
Статус, дата на статуса Геновева Генчева
Служител, извършил регистрацията/редакцията 30560
944 ## - СЪЗДАВАНЕ И РЕДАКЦИЯ на ЗАПИСА
Създаване/Редакция Редакция
Дата на регистрацията/редакция 05.04.2016
Статус, дата на статуса ф /
Служител, извършил регистрацията/редакцията Людмила_Стоянова
999 ## - СИСТЕМНИ КОНТРОЛНИ НОМЕРА
Koha biblionumber 82937
Koha biblioitemnumber 82937
Наличности
Код за отписване Код за изгубен артикул Източник на класификационната схема Код за повреда Коз за рестрикции Код за отдаване Артикулен № Име на библиотеката - собственик Име на библиотеката, в която се намира в момента Статус (Текущо местоположение) Дата на вписване в системата Местоположение - отдел Цена в лева Инвентарен номер Систематично азбучна сигнатура Баркод Номер на екземпляра Цена в евро Служебна бележка Служебен тип на артикула
  Не е изгубен Universal Decimal Classification Не е повреден само за читалня ползва се в читалня 134901 Регионална библиотека "Любен Каравелов" Русе Регионална библиотека "Любен Каравелов" Русе Хранилище 2009-01-26 Хранилище 12.00 120000733087 Цб 242587 120000733087 1 6.14 Дост: Dp Вид: Д N: 35 Дата: 13.08.2008 Книги
  Не е изгубен Universal Decimal Classification Не е повреден без рестрикции заемане за дома 134902 Регионална библиотека "Любен Каравелов" Русе Регионална библиотека "Любен Каравелов" Русе Отдел Изкуство - подръчен фонд 2016-02-24 Отдел Изкуство - подръчен фонд 12.00 120000798256 792(497.2)/М 95 120000798256 2 6.14 Дост: DA Вид: А N: 7 Дата: 24.02.2016 Книги
  Не е изгубен Universal Decimal Classification Не е повреден без рестрикции заемане за дома 134903 Регионална библиотека "Любен Каравелов" Русе Регионална библиотека "Любен Каравелов" Русе Отдел Изкуство - подръчен фонд 2016-03-31 Отдел Изкуство - подръчен фонд 12.00 120000799221 792(497.2)/М 95 120000799221 3 6.14 Дост: DA Вид: А N: 15 Дата: 31.03.2016 Дата инв: 05.04.2017 Бележки инв: ИП2017 Книги
Vip Innovations Ltd, Rousse, Bulgaria 2025